| Tag |
First Indicator |
Second Indicator |
Subfields |
| LEADER |
00000cam a2200000 i 4500 |
| 001 |
in00004346421 |
| 005 |
20210125090614.0 |
| 008 |
200324t20202020inu b 001 0 eng |
| 010 |
|
|
|a 2020013587
|
| 020 |
|
|
|a 9780253047557
|q hardcover
|
| 020 |
|
|
|a 0253047552
|q hardcover
|
| 020 |
|
|
|a 9780253047564
|q paperback
|
| 020 |
|
|
|a 0253047560
|q paperback
|
| 020 |
|
|
|z 9780253047588
|q electronic book
|
| 035 |
|
|
|a (OCoLC)on1099336644
|
| 040 |
|
|
|a DLC
|e rda
|c DLC
|d UtOrBLW
|
| 049 |
|
|
|a TXAM
|
| 050 |
0 |
0 |
|a B317
|b .E94 2020
|
| 082 |
0 |
0 |
|a 183/.2
|2 23
|
| 100 |
1 |
|
|a Ewegen, S. Montgomery,
|e author.
|0 http://id.loc.gov/authorities/names/n2013027384
|
| 245 |
1 |
4 |
|a The way of the Platonic Socrates /
|c S. Montgomery Ewegen.
|
| 264 |
|
1 |
|a Bloomington :
|b Indiana University Press,
|c [2020]
|
| 264 |
|
4 |
|c ©2020
|
| 300 |
|
|
|a xii, 156 pages ;
|c 24 cm.
|
| 336 |
|
|
|a text
|b txt
|2 rdacontent
|
| 337 |
|
|
|a unmediated
|b n
|2 rdamedia
|
| 338 |
|
|
|a volume
|b nc
|2 rdacarrier
|
| 490 |
1 |
|
|a Studies in Continental thought
|
| 504 |
|
|
|a Includes bibliographical references (pages 147-151) and indexes.
|
| 505 |
0 |
|
|a Introduction : wandering (planē): Apology -- Retreat (anachōresis) : Phaedo/Timaeus -- Power(lessness) (adynamia) : Gorgias -- Poverty (penia) : Symposium -- Indebtedness (opheileia) : Statesman -- Ignorance (agnoia) : Protagoras -- Releasement (lusis) : Republic -- Epilogue : Plato.
|
| 520 |
|
|
|a Who is Socrates? While most readers know him as the central figure in Plato's work, he is hard to characterize. In this book, S. Montgomery Ewegen opens this long-standing and difficult question once again. Reading Socrates against a number of Platonic texts, Ewegen sets out to understand the way of Socrates. Taking on the nuances and contours of the Socrates that emerges from the dramatic and philosophical contexts of Plato's works, Ewegen considers questions of withdrawal, retreat, powerlessness, poverty, concealment and release and how they construct a new view of Socrates. For Ewegen, Socrates is a powerful but strange and uncanny figure. Ewegen's withdrawn Socrates forever evades rigid interpretation and must instead remain a deep and insoluble question.
|
| 600 |
0 |
0 |
|a Socrates.
|0 http://id.loc.gov/authorities/names/n79055329
|
| 600 |
0 |
0 |
|a Plato.
|0 http://id.loc.gov/authorities/names/n79139459
|
| 830 |
|
0 |
|a Studies in Continental thought.
|0 http://id.loc.gov/authorities/names/n88508712
|
| 945 |
|
|
|b 621804
|
| 947 |
|
|
|a A14850705170
|
| 948 |
|
|
|a cataloged
|b h
|c 2020/10/21
|d c
|e dmitchel
|f 3:30:30 pm
|
| 994 |
|
|
|a 92
|b TXA
|
| 999 |
f |
f |
|s c19e1451-5d25-3c77-822b-8196d6997a53
|i c559ad67-5131-375c-8ebf-25f79b94f1ef
|t 0
|
| 952 |
f |
f |
|p normal
|a Texas A&M University
|b College Station
|c Sterling C. Evans Library
|d Evans: Library Stacks
|t 0
|e B317 .E94 2020
|h Library of Congress classification
|i unmediated -- volume
|m A14850705170
|
| 998 |
f |
f |
|a B317 .E94 2020
|t 0
|l Evans: Library Stacks
|